MARC

LEADER 00000nam0a2200000 4500
001 32569
005 20231030204933.0
010 |a 5020016225 
035 |a (RuTPU)RU\TPU\book\32868 
035 |a BOOK00000074 
090 |a 32569 
100 |a 20011210d1993 km y0rusy50 ca 
101 0 |a rus 
102 |a RU 
105 |a а z 001zy 
200 1 |a Магнитные методы структурного анализа и неразрушающего контроля  |f М. Н. Михеев, Э. С. Горкунов; Ин-т физики металлов 
210 |a Москва  |c Наука  |d 1993 
215 |a 249 с.  |c ил. 
320 |a Библиогр.: с. 219-250. 
610 1 |a материаловедение 
610 1 |a дефектоскопия магнитная 
610 1 |a неразрушающий контроль 
610 1 |a структурный анализ 
610 1 |a магнитные методы 
675 |a 620.179.14  |v 3 
700 1 |a Михеев  |b М. Н.  |g Михаил Николаевич 
701 1 |a Горкунов  |b Э. С.  |g Эдуард Степанович 
712 0 2 |a Российская академия наук (РАН)  |b Уральское отделение (УрО)  |b Институт физики металлов (ИФМ)  |c (Екатеринбург)  |2 stltpush  |3 (RuTPU)RU\TPU\col\3280 
801 0 |a RU  |b 63413507  |c 20011210  |g PSBO 
801 2 |a RU  |b 63413507  |c 20081021  |g PSBO 
942 |c BK